| 000 | 00620nam a2200205 a 4500 | ||
|---|---|---|---|
| 005 | 20240912063854.0 | ||
| 008 | 160502s2010 ag r 000 0 spa d | ||
| 020 | _a9789501127928 | ||
| 035 | _aUPN01000210005 | ||
| 049 | _aI | ||
| 050 | 4 |
_aPZ74 _bCH6.6 |
|
| 100 | 0 |
_aChorchi _938276 |
|
| 245 | 1 | 3 |
_aLa princesa vergonzosa / _cChorchi ; il. Carlos TerĂ¡n y Magdalena Pujals. |
| 260 |
_aBuenos Aires : _bSigmar, _c2010. |
||
| 300 |
_a[24] p. : _bil. col. |
||
| 440 | 3 | _aEl castillo amarillo | |
| 650 | 4 |
_aCuentos infantiles argentinos _97466 |
|
| 650 | 4 |
_aPRINCESAS - _vLITERATURA INFANTIL _911041 |
|
| 905 | _aInfantil | ||
| 999 |
_c182106 _d182106 |
||